Sports Quiz

Random Sports or Soccer Quiz

Premier League Table 2013/14 Quiz Stats

 Plays Quiz not verified by Sporcle

Challenge
Share
Tweet
Embed
Score 0/20 Timer 04:00
0 Plays Today
% Correct
Man City
84.1%
Chelsea
81.2%
Arsenal
79.7%
Man Utd
73.9%
Liverpool
71%
Tottenham Hotspur
63.8%
Cardiff City
58%
Stoke City
53.6%
Southampton
52.2%
Everton
49.3%
% Correct
Fulham
46.4%
West Ham United
42%
Newcastle United
40.6%
Norwich City
36.2%
Aston Villa
31.9%
West Brom
31.9%
Crystal Palace
30.4%
Swansea City
29%
Hull City
29%
Sunderland
27.5%

You're not logged in!

Compare scores with friends on all Sporcle quizzes.
OR
Log In

You Might Also Like...

Show Comments

Extras

Top Quizzes Today


Score Distribution

Your Account Isn't Verified!

In order to create a playlist on Sporcle, you need to verify the email address you used during registration. Go to your Sporcle Settings to finish the process.

Report this User

Report this user for behavior that violates our Community Guidelines.

Details: